LEADER 01239nam a2200277 a 4500 001 000000172794 003 CaOOAMICUS 005 20191022112247.0 008 191022t2017 fr u000 u fre r 020 $z978-2-7295-9133-5* 032 $aLibriCat 040 $aPUL$bita 100 1 $aLacroix, Roland,$d1957-$0(OLS)http://pul/name/110979 245 13$aLe catéchuménat des adultes en France 1945-2005 :$bAnalyse historique, pastorale et théologique /$cRoland Lacroix. 260 $aParis :$bAtelier National de Reproduction des Thèses,$c2017. 300 $a499 p.;$c24 cm 504 $aBibliografia : p.450-491. 650 4$aCatecumeni.$0(OLS)http://pul/subject/16540 710 2 $aInstitut catholique de Paris.$kTesi.$0(OLS)http://pul/name/96284 850 $aPUL 852 $aPUL$W1$xDP1 Tesi Varie$y51$m2017 B 21$j190847$qTesi$B201528$CPULBib$Z2$F201528 $82 941 1 $a16 996 $6020$z978-2-7295-9133-5*$9(OLS)http://pul/number/166843 996 $6245$aLe catéchuménat des adultes en France 1945-2005 :$bAnalyse historique, pastorale et théologique$9(OLS)http://pul/title/213814 996 $6260$aParis :$bAtelier National de Reproduction des Thèses$9(OLS)http://pul/publisher/83873 LEADER 01147nam a2200277 u 4500 001 000000079021 003 CaOOAMICUS 005 20080115154029.0 008 040521s1981 gw u000 u ger u 020 $a3525511930 035 $a10996218 040 $aPUL$bita 130 0 $aBiblia.$pV.T.$pIsaias.$lTedesco.$0(OLS)http://pul/title/42676 245 14$aDas Buch Jesaja :$bKapitel 40-66 /$cübersetz und erklärt von Claus Westermann. 250 $a4., erg. Aufl. 260 $aGöttingen :$bVandenhoeck & Ruprecht,$c1981. 300 $a344 p. ;$c24 cm 490 1 $aAlte Testament deutsch ;$v19 700 1 $aWestermann, Claus,$d1909-2000.$0(OLS)http://pul/name/660 830 0$aAlte Testament deutsch ;$v19.$0(OLS)http://pul/title/42107 850 $aPUL 852 $aPUL$W1$xSL Religione 1$y3$m5 N 19$j101218$nBK-PRI$qStampati$B101218$CPULBib$Z2$F101218 $HPUL92209 $82 941 1 $a8 996 $6020$a3525511930$9(OLS)http://pul/number/103678 996 $6245$aDas Buch Jesaja :$bKapitel 40-66$9(OLS)http://pul/title/103433 996 $6260$aGöttingen :$bVandenhoeck & Ruprecht$9(OLS)http://pul/publisher/47973